Architects' data / (Record no. 22520)
[ view plain ]
| 000 -LEADER | |
|---|---|
| fixed length control field | 01262nac a22003495a 4500 |
| 003 - CONTROL NUMBER IDENTIFIER | |
| control field | EG-ScBUE |
| 005 - DATE AND TIME OF LATEST TRANSACTION | |
| control field | 20221030094221.0 |
| 008 - FIXED-LENGTH DATA ELEMENTS--GENERAL INFORMATION | |
| fixed length control field | 090525t2000 enka f b 001 0 eng d |
| 020 ## - INTERNATIONAL STANDARD BOOK NUMBER | |
| International Standard Book Number | 0632057718 (pbk.) |
| 020 ## - INTERNATIONAL STANDARD BOOK NUMBER | |
| International Standard Book Number | 9780632057719 |
| 040 ## - CATALOGING SOURCE | |
| Original cataloging agency | EG-ScBUE |
| Language of cataloging | eng |
| Description conventions | rda |
| Transcribing agency | EG-ScBUE |
| Modifying agency | EG-ScBUE |
| 082 04 - DEWEY DECIMAL CLASSIFICATION NUMBER | |
| Classification number | 721 |
| Item number | NEU |
| Edition number | 22 |
| 100 1# - MAIN ENTRY--PERSONAL NAME | |
| Personal name | Neufert, Ernst, |
| Relator term | author. |
| 9 (RLIN) | 5230 |
| 245 10 - TITLE STATEMENT | |
| Title | Architects' data / |
| Statement of responsibility, etc | Ernst and Peter Neufert. |
| 250 ## - EDITION STATEMENT | |
| Edition statement | Third edition, |
| Remainder of edition statement | English language edition. |
| 264 #1 - PUBLICATION, DISTRIBUTION, ETC. (IMPRINT) | |
| Place of publication, distribution, etc | Oxford : |
| Name of publisher, distributor, etc | Blackwell Science, |
| Date of publication, distribution, etc | [2000] |
| 264 #4 - PUBLICATION, DISTRIBUTION, ETC. (IMPRINT) | |
| Date of publication, distribution, etc | c2000 |
| 300 ## - PHYSICAL DESCRIPTION | |
| Extent | ix, 636 pages : |
| Other physical details | illustrations ; |
| Dimensions | 30 cm |
| 336 ## - CONTENT TYPE | |
| Source | rdacontent |
| Content type term | text |
| Content type code | txt |
| 337 ## - MEDIA TYPE | |
| Source | rdamedia |
| Media type term | unmediated |
| Media type code | n |
| 338 ## - CARRIER TYPE | |
| Source | rdacarrier |
| Carrier type term | volume |
| Carrier type code | nc |
| 504 ## - BIBLIOGRAPHY, ETC. NOTE | |
| Bibliography, etc | Includes bibliographical references and index.<br/> |
| 590 ## - LOCAL NOTE (RLIN) | |
| Local note | Catalogued By: Mostafa El-Helaly |
| 650 #7 - SUBJECT ADDED ENTRY--TOPICAL TERM | |
| Topical term or geographic name as entry element | Building |
| Form subdivision | Handbooks. |
| Source of heading or term | BUEsh |
| 9 (RLIN) | 5231 |
| 650 #7 - SUBJECT ADDED ENTRY--TOPICAL TERM | |
| Topical term or geographic name as entry element | Building |
| General subdivision | Planning |
| Form subdivision | Handbooks. |
| Source of heading or term | BUEsh |
| 9 (RLIN) | 5232 |
| 650 #7 - SUBJECT ADDED ENTRY--TOPICAL TERM | |
| Topical term or geographic name as entry element | Architecture |
| Form subdivision | Handbooks. |
| Source of heading or term | BUEsh |
| 9 (RLIN) | 5233 |
| 651 ## - SUBJECT ADDED ENTRY--GEOGRAPHIC NAME | |
| Source of heading or term | BUEsh |
| 653 ## - INDEX TERM--UNCONTROLLED | |
| Resource For college | Engineering, Architecture |
| Arrived date list | August2015 |
| 655 ## - INDEX TERM--GENRE/FORM | |
| Genre/form data or focus term | Principles of Law and Design Applications- Year 1 |
| General subdivision | Engineering |
| Chronological subdivision | Semester 2. 2008/2009 |
| Form subdivision | Projects - Students |
| 700 1# - ADDED ENTRY--PERSONAL NAME | |
| Personal name | Neufert, Peter, |
| Relator term | author. |
| 9 (RLIN) | 5234 |
| 942 ## - ADDED ENTRY ELEMENTS (KOHA) | |
| Source of classification or shelving scheme | Dewey Decimal Classification |
| Koha item type | Book - Borrowing |
| Withdrawn status | Lost status | Source of classification or shelving scheme | Damaged status | Not for loan | Collection code | Home library | Current library | Shelving location | Date acquired | Source of acquisition | Cost, normal purchase price | Total Checkouts | Total Renewals | Full call number | Barcode | Date last seen | Date checked out | Koha item type | Cost, replacement price | Materials specified (bound volume or other part) | Price effective from |
|---|---|---|---|---|---|---|---|---|---|---|---|---|---|---|---|---|---|---|---|---|---|
| Lost & Replaced | Dewey Decimal Classification | Baccah | Central Library | Central Library | Second Floor | 11/10/2016 | Purchase | 250.00 | 25 | 34 | 721 NEU | 000028257 | 18/03/2019 | 12/10/2016 | Book - Borrowing | ||||||
| Lost and Paid For | Dewey Decimal Classification | Central Library | Central Library | Second Floor | 11/10/2016 | 550.00 | 28 | 137 | 721 NEU | 000009408 | 26/09/2018 | 26/09/2018 | Book - Borrowing | 690.00 | |||||||
| Lost | Dewey Decimal Classification | Central Library | Central Library | Second Floor | 11/10/2016 | Purchase | 250.00 | 22 | 721 NEU | 000009399 | 18/09/2018 | 09/03/2014 | NB - Book (Non borrowing) | Lost In Inventory_24-8-2022 | |||||||
| Dewey Decimal Classification | Central Library | Central Library | Second Floor | 11/10/2016 | Purchase | 250.00 | 35 | 71 | 721 NEU | 000009997 | 15/07/2025 | 09/10/2022 | Book - Borrowing | ||||||||
| Dewey Decimal Classification | Central Library | Central Library | Second Floor | 11/10/2016 | 250.00 | 24 | 114 | 721 NEU | 000009401 | 14/03/2026 | 18/12/2025 | Book - Borrowing | |||||||||
| Lost and Paid For | Dewey Decimal Classification | Baccah | Central Library | Central Library | Second Floor | 05/03/2009 | 250.00 | 10 | 20 | 721 NEU | 000015281 | 01/07/2012 | 06/02/2012 | Book - Borrowing | 05/03/2009 | ||||||
| Dewey Decimal Classification | Baccah | Central Library | Central Library | Second Floor | 05/03/2009 | 250.00 | 47 | 132 | 721 NEU | 000015282 | 04/03/2026 | 22/11/2020 | Book - Borrowing | 05/03/2009 | |||||||
| Dewey Decimal Classification | unknown | Central Library | Central Library | Second Floor | 03/04/2019 | Exchange | 9 | 55 | 721 NEU | 000044539 | 19/11/2025 | 03/11/2025 | Book - Borrowing | 03/04/2019 |